Music Quiz

Random Music or Song Quiz

50 FT Island Song with Audio Quiz Stats

 Plays Quiz not verified by Sporcle

Challenge
Share
Tweet
Embed
Score 0/50 Timer 16:00
0 Plays Today
Hint Answer % Correct
I Hope
83.9%
Love Love Love
67.7%
Severely
61.3%
Hello Hello
54.8%
Love Sick
54.8%
Bad Woman
45.2%
After Love
38.7%
Like a Bird
25.8%
Like a Bird
25.8%
Bing Bing Bing
25.8%
Thunder
22.6%
Missing You
19.4%
Reo Reo
19.4%
FT Island
16.1%
A Song For You
12.9%
Cling
12.9%
Love Is
12.9%
Marry Me
12.9%
Love Letter
9.7%
Love it, Hate it
9.7%
What Can I Do
9.7%
Soyogi
9.7%
Until You Return
9.7%
Oh
9.7%
Music Life
6.5%
Hint Answer % Correct
The Cool vs The Pretty
6.5%
Revolution
6.5%
Like a Doll
6.5%
Sunshine Girl
6.5%
Ready Go
6.5%
Prayer
6.5%
Lie
6.5%
We Hope to Become Lover
3.2%
Hate and Resentment
3.2%
A Person Whos Closer To Tears
3.2%
TV Radio
3.2%
Primadona
3.2%
Live Like a Musical
3.2%
Grown Man
0%
Heartbroken
0%
Than Person in Shinsadong
0%
I'm Going to Have You
0%
Don Quixote's Song
0%
1 Min 1 Sec
0%
A Name Call Love
0%
Im Going to Confess
0%
Im Going to Have You Live
0%
When Im Asking About Your Well Being
0%
The Thing I Should Continued With
0%
Boys Meet Girls
0%

You're not logged in!

Compare scores with friends on all Sporcle quizzes.
Join for Free
OR
Log In

You Might Also Like...

Show Comments

Extras

Created Aug 22, 2014ReportNominate
Tags:Song Quiz, island

Top Quizzes Today


Score Distribution

Your Account Isn't Verified!

In order to create a playlist on Sporcle, you need to verify the email address you used during registration. Go to your Sporcle Settings to finish the process.

Report this User

Report this user for behavior that violates our Community Guidelines.

Details: